000 004340000a22001810004500
003 MACL
005 20150801163015.0
008 150801b xxu||||| |||| 00| 0 eng d
040 _aMACL
_cMACL
041 _aEnglish
082 _a355/ARO
100 _aArora, R K
_94193
245 _aWorld Beyond Nucliear Weaapons
260 _bMohit Publications
_c2007
_aDelhi
350 _a650
650 _aMilitry
_93426
942 _cBK
_k355
_2ddc
999 _c8712
_d8712